[Event "Moscow op-E"]
[Site "Moscow"]
[Date "2011.02.05"]
[Round "8.162"]
[White "Piatin, Oleg"]
[Black "Volkov, Evgeny"]
[Result "1-0"]
[WhiteElo "2084"]
[BlackElo "2225"]
[PlyCount "73"]
[EventDate "2011.01.29"]
[EventType "swiss"]
[EventRounds "9"]
[EventCountry "RUS"]
[SourceTitle "EXT 2022"]
[Source "ChessBase"]
[SourceDate "2021.10.06"]
[SourceVersion "1"]
[SourceVersionDate "2021.10.06"]
[SourceQuality "1"]

1. e4 c5 2. Nf3 d6 3. c3 Nf6 4. h3 g6 5. Bd3 Nc6 6. Bc2 Bg7 7. 0-0 0-0 8. Qe2 e5 9. d3 h6 10. Be3 b6 11. Qd2 Kh7 12. b4 cxb4 13. cxb4 d5 14. b5 dxe4 15. dxe4 Qxd2 16. Nbxd2 Nb4 17. Bb1 Rd8 18. Ne1 a6 19. Nc4 axb5 20. Nxb6 Rb8 21. a3 Nc6 22. Nxc8 Rbxc8 23. f3 Rd1 24. Nd3 Rxf1+ 25. Kxf1 Nd7 26. Ba2 Nd4 27. Bxd4 exd4 28. Bxf7 Rc3 29. Be8 Rxd3 30. Bxd7 Rb3 31. f4 d3 32. e5 Bf8 33. f5 Rb2 34. Rd1 Rb3 35. f6 Bxa3 36. e6 d2 37. e7 1-0

[Event "Moscow op-E"]
[Site "Moscow"]
[Date "2011.02.03"]
[Round "6.108"]
[White "Piatin, Oleg"]
[Black "Koba, Igor"]
[Result "1/2-1/2"]
[WhiteElo "2084"]
[BlackElo "2228"]
[PlyCount "93"]
[EventDate "2011.01.29"]
[EventType "swiss"]
[EventRounds "9"]
[EventCountry "RUS"]
[SourceTitle "EXT 2022"]
[Source "ChessBase"]
[SourceDate "2021.10.06"]
[SourceVersion "1"]
[SourceVersionDate "2021.10.06"]
[SourceQuality "1"]

1. e4 d5 2. exd5 Nf6 3. Nf3 Nxd5 4. d4 g6 5. c4 Nb6 6. c5 Nd5 7. Nc3 c6 8. Bc4 Bg7 9. 0-0 0-0 10. Re1 b5 11. Bxd5 cxd5 12. Nxb5 Nc6 13. Ne5 Bb7 14. Nxc6 Bxc6 15. a4 Qd7 16. Qd3 Rfb8 17. Nc3 Rb3 18. a5 Rab8 19. Rd1 R8b4 20. Qe3 Bf6 21. Ra3 Rxa3 22. bxa3 Rb3 23. Qd2 Qb7 24. Na2 Ba4 25. Nb4 Rxb4 26. a6 Qb5 27. axb4 Bxd1 28. Qxd1 Qxb4 29. Be3 Kf8 30. h3 Ke8 31. g4 e6 32. g5 Bd8 33. Qg4 Qb5 34. Qf4 Qxa6 35. Qb8 Qc6 36. Qxa7 Bc7 37. Bd2 e5 38. dxe5 Bxe5 39. Qa3 d4 40. Qb4 Ke7 41. f4 Bg7 42. Kf2 Kd7 43. Qc4 Ke7 44. Bc1 Ke8 45. Bb2 Qe4 46. Bc1 Qc6 47. Qe2+ 1/2-1/2

[Event "Moscow op-B 04th"]
[Site "Moscow"]
[Date "2008.02.09"]
[Round "8"]
[White "Piatin, Oleg"]
[Black "Vetryansky, Vladimir"]
[Result "1-0"]
[WhiteElo "2161"]
[BlackElo "2038"]
[PlyCount "61"]
[EventDate "2008.02.02"]
[EventType "swiss"]
[EventRounds "9"]
[EventCountry "RUS"]
[SourceTitle "CBM 122 Extra"]
[Source "ChessBase"]
[SourceDate "2008.03.04"]
[SourceVersion "1"]
[SourceVersionDate "2008.03.04"]
[SourceQuality "1"]

1. e4 c5 2. Nf3 Nc6 3. d3 g6 4. g3 Bg7 5. Bg2 e6 6. 0-0 Nge7 7. c3 d5 8. Nbd2 0-0 9. Re1 Rb8 10. e5 b5 11. d4 cxd4 12. cxd4 Qb6 13. Nb3 a5 14. Bg5 Re8 15. g4 Bf8 16. Qd2 a4 17. Nc5 Nxd4 18. Nxd4 Qxc5 19. Rac1 Qb6 20. Be3 Qb7 21. Bh6 Bd7 22. Nf3 Kh8 23. Ng5 Bxh6 24. Nxf7+ Kg7 25. Qxh6+ Kxf7 26. Qxh7+ Kf8 27. Rc3 Bc6 28. Rh3 d4 29. Qh6+ Kf7 30. Qf4+ Kg8 31. Qf6 1-0

[Event "Moscow op-B 04th"]
[Site "Moscow"]
[Date "2008.02.05"]
[Round "4"]
[White "Piatin, Oleg"]
[Black "Pozdnyakov, Andrey"]
[Result "1-0"]
[WhiteElo "2161"]
[BlackElo "1784"]
[PlyCount "33"]
[EventDate "2008.02.02"]
[EventType "swiss"]
[EventRounds "9"]
[EventCountry "RUS"]
[SourceTitle "CBM 122 Extra"]
[Source "ChessBase"]
[SourceDate "2008.03.04"]
[SourceVersion "1"]
[SourceVersionDate "2008.03.04"]
[SourceQuality "1"]

1. e4 e5 2. Nf3 Nc6 3. d4 exd4 4. Nxd4 Qf6 5. Nxc6 Qxc6 6. Bd3 Bc5 7. 0-0 Ne7 8. Nc3 b6 9. Bf4 Bb7 10. Bb5 Qe6 11. Bxc7 g5 12. Qd3 a6 13. Bc4 Qc6 14. Be5 f6 15. Bd5 Nxd5 16. exd5 Qc8 17. Bxf6 1-0